[Event "Dortmund Sparkassen op-B"]
[Site "Dortmund"]
[Date "2014.07.12"]
[Round "1"]
[White "Benke, Werner"]
[Black "Ziabari, Morteza"]
[Result "1/2-1/2"]
[WhiteElo "1507"]
[BlackElo "1874"]
[PlyCount "142"]
[EventDate "2014.07.12"]
[EventType "swiss"]
[EventRounds "9"]
[EventCountry "GER"]
[SourceTitle "EXT 2022"]
[Source "ChessBase"]
[SourceDate "2021.10.06"]
[SourceVersion "1"]
[SourceVersionDate "2021.10.06"]
[SourceQuality "1"]

1. d4 d5 2. Nf3 Nf6 3. e3 Bf5 4. Bd3 Bxd3 5. Qxd3 Nc6 6. c3 e6 7. Nbd2 Bd6 8. 0-0 Qd7 9. e4 dxe4 10. Nxe4 Nxe4 11. Qxe4 f5 12. Qe2 0-0-0 13. Re1 Rde8 14. Ne5 Nxe5 15. dxe5 Bc5 16. Be3 Qc6 17. Bxc5 Qxc5 18. Qe3 Qxe3 19. Rxe3 Rd8 20. Rae1 Rd2 21. R3e2 Rhd8 22. Kf1 f4 23. Rxd2 Rxd2 24. Re2 Rd1+ 25. Re1 Rd5 26. h4 h6 27. Re4 g5 28. hxg5 hxg5 29. Ke2 Kd7 30. Kf3 c5 31. Re2 Rd3+ 32. Kg4 Kc6 33. Kxg5 f3 34. gxf3 Rxf3 35. Kg4 Rf5 36. f4 Kd5 37. b3 b5 38. a3 a5 39. Kf3 Rh5 40. Rd2+ Kc6 41. Rd6+ Kc7 42. Rxe6 Rh3+ 43. Ke4 Rxc3 44. Kd5 Rxb3 45. Rc6+ Kd7 46. Rxc5 Rd3+ 47. Ke4 Rxa3 48. Rxb5 Kc6 49. Rb8 Ra1 50. Kf5 a4 51. Kf6 Kc7 52. Ra8 Kb7 53. Rh8 Rb1 54. e6 a3 55. e7 a2 56. Rb8+ Kc7 57. Rxb1 axb1Q 58. e8Q Qf1 59. Qe5+ Kc6 60. f5 Qh3 61. Qe6+ Kc7 62. Kf7 Qh7+ 63. Kf6 Qh4+ 64. Kg7 Qg4+ 65. Qg6 Qd4+ 66. f6 Kd8 67. Kg8 Qd6 68. Qg7 Qd5+ 69. f7 Ke7 70. Qf8+ Ke6 71. Qg7 Ke7 1/2-1/2

[Event "Dortmund Sparkassen op-B"]
[Site "Dortmund"]
[Date "2013.08.03"]
[Round "8"]
[White "Strack, Patrick"]
[Black "Benke, Werner"]
[Result "0-1"]
[WhiteElo "1458"]
[BlackElo "1539"]
[PlyCount "130"]
[EventDate "2013.07.27"]
[EventType "swiss"]
[EventRounds "9"]
[EventCountry "GER"]
[SourceTitle "EXT 2022"]
[Source "ChessBase"]
[SourceDate "2021.10.06"]
[SourceVersion "1"]
[SourceVersionDate "2021.10.06"]
[SourceQuality "1"]

1. e4 c5 2. d4 cxd4 3. c3 d3 4. Bxd3 d6 5. Nf3 Nf6 6. 0-0 g6 7. Re1 Nc6 8. Bc4 Bg7 9. Bf4 0-0 10. e5 Nh5 11. Qd2 Nxf4 12. Qxf4 dxe5 13. Qg3 Qb6 14. b3 Bf5 15. Nbd2 Rad8 16. Ne4 Qa5 17. Nh4 Bxe4 18. Rxe4 Rd2 19. Re2 Rfd8 20. Rxd2 Rxd2 21. b4 Qa4 22. Qf3 e6 23. g3 e4 24. Qe3 Nxb4 25. Rb1 Rd1+ 26. Rxd1 Qxd1+ 27. Kg2 Nd5 28. Qxa7 Bxc3 29. Qxb7 Qd2 30. Bxd5 exd5 31. a4 e3 32. Qb8+ Kg7 33. Qf4 e2 34. Qxd2 Bxd2 35. Nf3 e1Q 36. Nxe1 Bxe1 37. Kf1 Bb4 38. Ke2 Kf6 39. Kd3 Ke5 40. f4+ Kd6 41. g4 Be1 42. h3 Ba5 43. Ke3 Ke6 44. Kd4 Bb6+ 45. Kd3 Bc7 46. Ke3 f6 47. Kf3 f5 48. Ke3 Bb6+ 49. Kf3 d4 50. Ke2 Kd5 51. Kd3 Bc7 52. gxf5 gxf5 53. h4 h5 54. Ke2 Ke4 55. Kf2 d3 56. Kf1 Ke3 57. Kg2 d2 58. Kh2 d1Q 59. Kg2 Qf3+ 60. Kh2 Kxf4 61. Kg1 Bb6+ 62. Kh2 Qg3+ 63. Kh1 Qxh4+ 64. Kg2 Qg3+ 65. Kh1 Qg1# 0-1

[Event "Dortmund Sparkassen op-B"]
[Site "Dortmund"]
[Date "2013.07.31"]
[Round "5"]
[White "Benke, Werner"]
[Black "Kleiner, Tom"]
[Result "0-1"]
[WhiteElo "1539"]
[BlackElo "1746"]
[PlyCount "88"]
[EventDate "2013.07.27"]
[EventType "swiss"]
[EventRounds "9"]
[EventCountry "GER"]
[SourceTitle "EXT 2022"]
[Source "ChessBase"]
[SourceDate "2021.10.06"]
[SourceVersion "1"]
[SourceVersionDate "2021.10.06"]
[SourceQuality "1"]

1. d4 Nf6 2. Nf3 g6 3. g3 Bg7 4. Bg2 c5 5. 0-0 cxd4 6. Nxd4 Nc6 7. c3 0-0 8. Nd2 a6 9. N2f3 Re8 10. Re1 e5 11. Nxc6 bxc6 12. e4 Qc7 13. Bg5 Bb7 14. Bxf6 Bxf6 15. c4 Rad8 16. Qc2 Qb6 17. Rad1 d5 18. cxd5 cxd5 19. Nd2 d4 20. Nc4 Qc5 21. b3 Bg7 22. Qd3 Rc8 23. Rd2 a5 24. Bf1 Ba6 25. Qb1 Qb4 26. Red1 a4 27. a3 Qb8 28. Bh3 Bxc4 29. Bxc8 Bxb3 30. Bg4 Bxd1 31. Qxd1 Qa8 32. Bd7 Rd8 33. Bxa4 Qxe4 34. Bb5 Qd5 35. a4 e4 36. Qc2 Bh6 37. Rd1 d3 38. Qc3 Qd4 39. Qxd4 Rxd4 40. Kf1 f5 41. f3 Rb4 42. fxe4 fxe4 43. Bc6 Be3 44. a5 Rb2 0-1

[Event "Dortmund Sparkassen op-B"]
[Site "Dortmund"]
[Date "2012.07.22"]
[Round "9"]
[White "Sherif, Amina"]
[Black "Benke, Werner"]
[Result "1-0"]
[WhiteElo "1597"]
[BlackElo "1431"]
[PlyCount "88"]
[EventDate "2012.07.14"]
[EventType "swiss"]
[EventRounds "9"]
[EventCountry "GER"]
[SourceTitle "EXT 2014"]
[Source "ChessBase"]
[SourceDate "2013.11.20"]
[SourceVersion "1"]
[SourceVersionDate "2013.11.20"]
[SourceQuality "1"]

1. e4 c5 2. Nc3 d6 3. f4 Nf6 4. Nf3 Nc6 5. Bb5 Bd7 6. d3 a6 7. Bxc6 Bxc6 8. 0-0 e6 9. Qe1 Be7 10. Bd2 0-0 11. h3 h5 12. Qg3 h4 13. Nxh4 Nxe4 14. dxe4 Bxh4 15. Qe3 Bf6 16. Qe1 Qb6 17. Rb1 Bd4+ 18. Kh2 f5 19. exf5 e5 20. Ne4 exf4 21. Nxd6 Be3 22. Bxe3 fxe3 23. Qxe3 Rf6 24. Ne4 Bxe4 25. Qxe4 Qc7+ 26. Qf4 Qf7 27. b3 Rf8 28. Kg1 Rxf5 29. Qxf5 Qxf5 30. Rxf5 Rxf5 31. Rd1 Rf7 32. Rd5 Rc7 33. c4 Kf7 34. Kf2 Kf6 35. Kf3 Ke6 36. Ke4 Kf6 37. Kf4 Ke6 38. Kg5 Kf7 39. g4 b6 40. Rd6 Rb7 41. Rc6 Rb8 42. Rc7+ Ke6 43. Rxg7 Ke5 44. h4 Rf8 1-0

[Event "Dortmund Sparkassen op-B"]
[Site "Dortmund"]
[Date "2012.07.18"]
[Round "5"]
[White "Beyer, Thomas"]
[Black "Benke, Werner"]
[Result "1/2-1/2"]
[WhiteElo "1553"]
[BlackElo "1431"]
[PlyCount "142"]
[EventDate "2012.07.14"]
[EventType "swiss"]
[EventRounds "9"]
[EventCountry "GER"]
[SourceTitle "EXT 2014"]
[Source "ChessBase"]
[SourceDate "2013.11.20"]
[SourceVersion "1"]
[SourceVersionDate "2013.11.20"]
[SourceQuality "1"]

1. f4 f5 2. Nf3 Nf6 3. e3 e6 4. b3 b6 5. Bb2 Bb7 6. d4 d5 7. Nbd2 Nbd7 8. Bd3 Bd6 9. 0-0 0-0 10. Ne5 Ne4 11. a4 Ndf6 12. Rf3 Bxe5 13. fxe5 Nxd2 14. Qxd2 Ne4 15. Qe1 Qd7 16. h4 g6 17. Ba3 Rf7 18. Bb5 Bc6 19. Be2 Bb7 20. Bd3 Rc8 21. Rf4 Rg7 22. Bxe4 dxe4 23. Qg3 c5 24. c4 cxd4 25. Rd1 d3 26. Bd6 Rd8 27. Qg5 Qe8 28. Kf2 Rxd6 29. exd6 e5 30. Rf3 exf3 31. Rxd3 Qd7 32. gxf3 e4 33. Rd4 exf3 34. b4 a6 35. c5 bxc5 36. bxc5 Bc6 37. Qf6 Rf7 38. Qg5 Rg7 39. Qf6 Bxa4 40. Rxa4 Rf7 41. Qa1 Qb5 42. Qa2 Kg7 43. Rxa6 Qxc5 44. Kxf3 Qc1 45. Qa1+ Qxa1 46. Rxa1 Rd7 47. Ra6 Kf6 48. Rc6 h6 49. e4 Ke5 50. exf5 Kxf5 51. Rc5+ Kf6 52. Rd5 Ke6 53. Ke4 Rxd6 54. Ra5 Kf6 55. h5 g5 56. Ra8 Re6+ 57. Kd5 Re5+ 58. Kd4 Re6 59. Kd5 Rb6 60. Kc5 Re6 61. Kd5 Re5+ 62. Kd4 Re7 63. Ra6+ Kg7 64. Rg6+ Kh7 65. Ra6 Rf7 66. Ke5 Rc7 67. Kf5 Rf7+ 68. Ke6 Rb7 69. Kf5 Rf7+ 70. Ke6 Rc7 71. Kf5 Rb7 1/2-1/2

[Event "Dortmund Sparkassen op-B"]
[Site "Dortmund"]
[Date "2012.07.16"]
[Round "3"]
[White "Barth, Hans Joachim"]
[Black "Benke, Werner"]
[Result "1-0"]
[WhiteElo "1658"]
[BlackElo "1431"]
[PlyCount "76"]
[EventDate "2012.07.14"]
[EventType "swiss"]
[EventRounds "9"]
[EventCountry "GER"]
[SourceTitle "EXT 2014"]
[Source "ChessBase"]
[SourceDate "2013.11.20"]
[SourceVersion "1"]
[SourceVersionDate "2013.11.20"]
[SourceQuality "1"]

1. b3 Nf6 2. Bb2 e6 3. c4 c5 4. g3 Be7 5. Bg2 0-0 6. Nc3 a6 7. e3 d5 8. d4 cxd4 9. exd4 b6 10. Nge2 Bb7 11. 0-0 Qd7 12. Na4 Bd8 13. Rc1 dxc4 14. Bxb7 Qxb7 15. bxc4 Nbd7 16. Qb3 Rb8 17. Nac3 Be7 18. a4 Rfc8 19. Nf4 Qc6 20. Nce2 Qb7 21. Rfd1 Ne4 22. f3 Nef6 23. Kg2 h6 24. Qe3 Ng4 25. Qd3 Ngf6 26. Rb1 Qc6 27. Rdc1 Qa8 28. Ba1 Qc6 29. Nc3 Qxc4 30. Ncd5 Qxd3 31. Nxe7+ Kf8 32. Nxd3 Kxe7 33. Nb4 Rxc1 34. Rxc1 Ra8 35. Bb2 Nd5 36. Ba3 Nxb4 37. Bxb4+ Kd8 38. a5 Rc8 1-0

[Event "Dortmund Sparkassen op-B"]
[Site "Dortmund"]
[Date "2011.07.29"]
[Round "7"]
[White "Finke, Lara"]
[Black "Benke, Werner"]
[Result "1/2-1/2"]
[WhiteElo "1464"]
[BlackElo "1554"]
[PlyCount "106"]
[EventDate "2011.07.23"]
[EventType "swiss"]
[EventRounds "9"]
[EventCountry "GER"]
[SourceTitle "EXT 2013"]
[Source "ChessBase"]
[SourceDate "2012.11.22"]
[SourceVersion "1"]
[SourceVersionDate "2012.11.22"]
[SourceQuality "1"]

1. e4 e6 2. d4 d5 3. exd5 exd5 4. Nf3 Nf6 5. Bd3 Bd6 6. 0-0 0-0 7. c3 Bg4 8. Bg5 Nbd7 9. Nbd2 h6 10. Bh4 c6 11. Qb3 Qc7 12. Rfe1 Rfe8 13. c4 b6 14. Rac1 Rxe1+ 15. Rxe1 Qc8 16. Ne5 Be6 17. f4 c5 18. f5 dxc4 19. Bxc4 Bxc4 20. Qxc4 Qf8 21. Ng6 Qb8 22. Nf3 b5 23. Qb3 c4 24. Qe3 Kh7 25. Nge5 Qf8 26. Nxd7 Nxd7 27. g4 Nf6 28. g5 Re8 29. Qd2 Rxe1+ 30. Qxe1 hxg5 31. Bxg5 Nd5 32. Qh4+ Kg8 33. Qg4 Be7 34. Bh6 Bf6 35. Bg5 Qe7 36. Kf2 Bxg5 37. Qxg5 f6 38. Qd2 Qe4 39. a3 Qxf5 40. Qa5 Qd7 41. Qd2 Kf7 42. h4 Qf5 43. Qa5 Qd7 44. Qd2 Qe7 45. h5 Qd7 46. h6 g6 47. h7 Kg7 48. h8Q+ Kxh8 49. Qh6+ Kg8 50. Qxg6+ Qg7 51. Qe8+ Qf8 52. Qg6+ Qg7 53. Qe8+ Qf8 1/2-1/2

[Event "Dortmund Sparkassen op-B"]
[Site "Dortmund"]
[Date "2011.07.28"]
[Round "6"]
[White "Benke, Werner"]
[Black "Heldt, Maximilian"]
[Result "0-1"]
[WhiteElo "1554"]
[BlackElo "1653"]
[PlyCount "42"]
[EventDate "2011.07.23"]
[EventType "swiss"]
[EventRounds "9"]
[EventCountry "GER"]
[SourceTitle "EXT 2013"]
[Source "ChessBase"]
[SourceDate "2012.11.22"]
[SourceVersion "1"]
[SourceVersionDate "2012.11.22"]
[SourceQuality "1"]

1. d4 c5 2. d5 e5 3. c4 d6 4. e4 g6 5. Bd3 Bg7 6. Nf3 Ne7 7. Qc2 0-0 8. 0-0 f5 9. Bg5 a6 10. Nc3 Qe8 11. Bxe7 Qxe7 12. Rfe1 f4 13. Kf1 g5 14. Ng1 g4 15. Nge2 Qh4 16. Kg1 f3 17. gxf3 gxf3 18. Ng3 Rf6 19. Qd1 Bh3 20. Qa4 Nd7 21. Bf1 Rh6 0-1

[Event "Dortmund Sparkassen op-B"]
[Site "Dortmund"]
[Date "2011.07.25"]
[Round "3"]
[White "Bonath, Michael Alexander"]
[Black "Benke, Werner"]
[Result "1-0"]
[WhiteElo "1917"]
[BlackElo "1554"]
[PlyCount "89"]
[EventDate "2011.07.23"]
[EventType "swiss"]
[EventRounds "9"]
[EventCountry "GER"]
[SourceTitle "EXT 2013"]
[Source "ChessBase"]
[SourceDate "2012.11.22"]
[SourceVersion "1"]
[SourceVersionDate "2012.11.22"]
[SourceQuality "1"]

1. d4 d5 2. c4 e6 3. Nc3 Nf6 4. Bg5 Be7 5. e3 Nbd7 6. Nf3 0-0 7. Rc1 a6 8. cxd5 exd5 9. Bd3 h6 10. Bh4 Re8 11. 0-0 c6 12. Bg3 Nh5 13. Nxd5 Nxg3 14. Nxe7+ Qxe7 15. hxg3 Nf6 16. Ne5 Be6 17. b3 Rad8 18. Qe2 Qd6 19. Rfd1 Qb4 20. Bc4 Qa5 21. Bxe6 Rxe6 22. e4 Qa3 23. f4 Rxd4 24. Rxd4 Qxc1+ 25. Rd1 Qc5+ 26. Kh1 Rd6 27. Nd3 Qh5+ 28. Qxh5 Nxh5 29. e5 Rd4 30. Kh2 g6 31. Nf2 Rxd1 32. Nxd1 Ng7 33. g4 Kf8 34. Kg3 Ke7 35. Kf3 f6 36. Ke4 f5+ 37. Kf3 Ne6 38. gxf5 Nd4+ 39. Ke4 Nxf5 40. g4 Ng7 41. Ne3 Ne6 42. b4 Kd7 43. f5 gxf5+ 44. gxf5 Nd8 45. Ng4 1-0

[Event "Dortmund Sparkassen op-B"]
[Site "Dortmund"]
[Date "2011.07.23"]
[Round "1"]
[White "Gefen, Daniel"]
[Black "Benke, Werner"]
[Result "1-0"]
[WhiteElo "1890"]
[BlackElo "1554"]
[PlyCount "49"]
[EventDate "2011.07.23"]
[EventType "swiss"]
[EventRounds "9"]
[EventCountry "GER"]
[SourceTitle "EXT 2013"]
[Source "ChessBase"]
[SourceDate "2012.11.22"]
[SourceVersion "1"]
[SourceVersionDate "2012.11.22"]
[SourceQuality "1"]

1. e4 e6 2. d4 d5 3. Nc3 dxe4 4. Nxe4 Nd7 5. Nf3 Ngf6 6. Bd3 Nxe4 7. Bxe4 Nf6 8. Bd3 b6 9. Ne5 Bd7 10. Qf3 Bd6 11. Bg5 Rb8 12. Nxd7 Kxd7 13. Bb5+ Ke7 14. 0-0-0 h6 15. Bd2 Qc8 16. Rhe1 c5 17. d5 e5 18. Bc3 Rd8 19. Bxe5 Bxe5 20. Rxe5+ Kf8 21. h3 Qc7 22. Rde1 c4 23. Bc6 a6 24. Qf4 Qd6 25. Re8+ 1-0

[Event "Dortmund Sparkassen op-B"]
[Site "Dortmund"]
[Date "2010.07.24"]
[Round "8"]
[White "Hamm, Michael"]
[Black "Benke, Werner"]
[Result "0-1"]
[WhiteElo "1899"]
[BlackElo "1518"]
[PlyCount "95"]
[EventDate "2010.07.17"]
[EventType "swiss"]
[EventRounds "9"]
[EventCountry "GER"]
[SourceTitle "EXT 2014"]
[Source "ChessBase"]
[SourceDate "2013.11.20"]
[SourceVersion "1"]
[SourceVersionDate "2013.11.20"]
[SourceQuality "1"]

1. e4 e6 2. d3 d5 3. Nd2 Be7 4. Ngf3 dxe4 5. dxe4 Nf6 6. e5 Nd5 7. Bd3 Nf4 8. Bf1 0-0 9. g3 Ng6 10. Bd3 c5 11. h4 Qc7 12. Nc4 h5 13. 0-0 Rd8 14. Qe2 Nc6 15. Bxg6 fxg6 16. Qe4 Kh7 17. Ng5+ Bxg5 18. Bxg5 Rd4 19. Qe2 b5 20. Nd6 Nxe5 21. Nxb5 Qb6 22. Nxd4 Qd6 23. Rae1 Bb7 24. f3 Qxd4+ 25. Be3 Qd5 26. Kg2 Rd8 27. Bf4 Nxf3 28. Qxf3 Qd7 29. Re4 e5 30. Qe3 Qf5 31. Re1 exf4 32. gxf4 Rd4 33. Qf2 Rxe4 34. Rxe4 Bxe4+ 35. Kh2 Bxc2 36. a3 Bb3 37. Kg2 Be6 38. Kf1 Qd3+ 39. Qe2 Bc4 40. Qxd3 Bxd3+ 41. Kf2 c4 42. Ke3 Bc2 43. Kd4 Bb3 44. Kc5 g5 45. fxg5 Kg6 46. a4 Bxa4 47. Kxc4 Bd1 48. Kd5 0-1

[Event "Dortmund Sparkassen op-B"]
[Site "Dortmund"]
[Date "2010.07.22"]
[Round "6"]
[White "Driesner, Norbert"]
[Black "Benke, Werner"]
[Result "0-1"]
[WhiteElo "1319"]
[BlackElo "1518"]
[PlyCount "78"]
[EventDate "2010.07.17"]
[EventType "swiss"]
[EventRounds "9"]
[EventCountry "GER"]
[SourceTitle "EXT 2014"]
[Source "ChessBase"]
[SourceDate "2013.11.20"]
[SourceVersion "1"]
[SourceVersionDate "2013.11.20"]
[SourceQuality "1"]

1. e4 e6 2. Nf3 d5 3. c3 dxe4 4. Qa4+ Nc6 5. Qxe4 Nf6 6. Qc2 Be7 7. d4 0-0 8. Bd3 h6 9. 0-0 b6 10. Nbd2 Bb7 11. Nc4 Qd5 12. Ne3 Qd7 13. Rd1 Rfd8 14. Ne5 Qe8 15. b4 Nxe5 16. dxe5 Nd5 17. Be4 Nxe3 18. Bxe3 Bc6 19. a4 Rxd1+ 20. Rxd1 Bxa4 21. Qc1 Rd8 22. Re1 Bc6 23. Bc2 Ba4 24. Be4 Bc6 25. Bc2 Bf8 26. h3 Qe7 27. Qa1 Ra8 28. Qd1 Qh4 29. Qd3 g6 30. Bd4 Qg5 31. g3 Qf5 32. g4 Qf3 33. Qxf3 Bxf3 34. Kh2 Rd8 35. Kg3 Bb7 36. f4 Bxb4 37. Bxb6 Bxc3 38. Bxc7 Bxe1+ 39. Kh2 Rc8 0-1

[Event "Dortmund Sparkassen op-B"]
[Site "Dortmund"]
[Date "2010.07.20"]
[Round "4"]
[White "Barth, Hans Joachim"]
[Black "Benke, Werner"]
[Result "1-0"]
[WhiteElo "1719"]
[BlackElo "1518"]
[PlyCount "67"]
[EventDate "2010.07.17"]
[EventType "swiss"]
[EventRounds "9"]
[EventCountry "GER"]
[SourceTitle "EXT 2014"]
[Source "ChessBase"]
[SourceDate "2013.11.20"]
[SourceVersion "1"]
[SourceVersionDate "2013.11.20"]
[SourceQuality "1"]

1. b3 Nf6 2. Bb2 b6 3. Nf3 Bb7 4. e3 e6 5. Be2 Be7 6. d3 0-0 7. g4 Nxg4 8. Rg1 Bf6 9. d4 Nxe3 10. fxe3 c5 11. Na3 Nc6 12. Nc4 d6 13. a3 b5 14. Ncd2 a6 15. Ne4 cxd4 16. Nxf6+ Qxf6 17. exd4 e5 18. Qd2 Rfe8 19. dxe5 dxe5 20. 0-0-0 g6 21. Kb1 Qe7 22. Qe3 Rac8 23. h4 Qc7 24. Rd2 Qe7 25. h5 e4 26. Qh6 Qf8 27. Qxf8+ Rxf8 28. hxg6 fxg6 29. Ng5 Rce8 30. Rd7 Re7 31. Rgd1 Rfe8 32. Bf6 Rxd7 33. Rxd7 Bc8 34. Rg7+ 1-0

[Event "Dortmund op-B"]
[Site "Dortmund"]
[Date "2009.07.12"]
[Round "9"]
[White "Benke, Werner"]
[Black "Heyder, Siegfried"]
[Result "1/2-1/2"]
[WhiteElo "1531"]
[BlackElo "1265"]
[PlyCount "142"]
[EventDate "2009.07.04"]
[EventType "swiss"]
[EventRounds "9"]
[EventCountry "GER"]
[SourceTitle "EXT 2012"]
[Source "ChessBase"]
[SourceDate "2011.11.24"]
[SourceVersion "1"]
[SourceVersionDate "2011.11.24"]
[SourceQuality "1"]

1. e4 c5 2. Nf3 d6 3. d4 cxd4 4. Nxd4 a6 5. Be2 b6 6. 0-0 Bb7 7. Bf3 g6 8. Re1 Bg7 9. c3 Qc7 10. Qe2 Nd7 11. g3 Ngf6 12. b3 0-0 13. Bb2 e5 14. Nc2 Nc5 15. Nd2 Rad8 16. Rad1 Qb8 17. Bg2 Qa8 18. Nc4 Nfxe4 19. Nxb6 Qa7 20. Nd5 f5 21. c4 Rf7 22. Nce3 Bh6 23. f3 Nf6 24. Kh1 Nh5 25. Bc1 f4 26. Ng4 Bg5 27. gxf4 exf4 28. Bb2 Bxd5 29. Rxd5 h6 30. Qd2 Kh7 31. Ne5 Rf5 32. Rxd6 Rxd6 33. Qxd6 Rf6 34. Qd5 Qe7 35. Nd3 Re6 36. Rxe6 Nxe6 37. Ne5 Bf6 38. Qd7 Qxd7 39. Nxd7 Bxb2 40. Bf1 Nf6 41. Nb8 a5 42. Kg2 Nd4 43. Kf2 Kg7 44. c5 Ba3 45. Na6 Nd7 46. c6 Nxc6 47. Nc7 Bc5+ 48. Ke1 Nd4 49. Kd1 Nxf3 50. Ne6+ Kf6 51. Nxf4 Nxh2 52. Bc4 Ne5 53. Bd5 g5 54. Ne2 h5 55. Ng3 Kg6 56. Be4+ Kh6 57. Nf5+ Kg6 58. Ng3+ Kh6 59. Nf5+ Kh7 60. Ng3+ Kh8 61. Nxh5 Bf2 62. Ke2 Bh4 63. Nf6 g4 64. Nd5 Kg7 65. a3 Nef3 66. b4 Ng1+ 67. Kd3 axb4 68. axb4 Ngf3 69. Ne3 Kf6 70. b5 Bg3 71. Nxg4+ Nxg4 1/2-1/2

[Event "Dortmund op-B"]
[Site "Dortmund"]
[Date "2009.07.09"]
[Round "6"]
[White "Schmidt, Martin"]
[Black "Benke, Werner"]
[Result "1-0"]
[WhiteElo "2107"]
[BlackElo "1531"]
[PlyCount "41"]
[EventDate "2009.07.04"]
[EventType "swiss"]
[EventRounds "9"]
[EventCountry "GER"]
[SourceTitle "EXT 2012"]
[Source "ChessBase"]
[SourceDate "2011.11.24"]
[SourceVersion "1"]
[SourceVersionDate "2011.11.24"]
[SourceQuality "1"]

1. e4 e5 2. Nf3 d6 3. Bc4 Be7 4. c3 Nf6 5. Qc2 0-0 6. d4 exd4 7. cxd4 h6 8. Nc3 Nbd7 9. Be3 a6 10. e5 Nh7 11. e6 Ndf6 12. exf7+ Kh8 13. Nh4 Rxf7 14. Bxf7 Nf8 15. Ng6+ Nxg6 16. Qxg6 Ng4 17. 0-0 Bf8 18. Rfe1 Qh4 19. h3 Nf6 20. Ne2 Bxh3 21. Nf4 1-0

[Event "Dortmund op-B"]
[Site "Dortmund"]
[Date "2009.07.06"]
[Round "3"]
[White "Benke, Werner"]
[Black "Baerwolf, Steven"]
[Result "1/2-1/2"]
[WhiteElo "1531"]
[BlackElo "1865"]
[PlyCount "76"]
[EventDate "2009.07.04"]
[EventType "swiss"]
[EventRounds "9"]
[EventCountry "GER"]
[SourceTitle "EXT 2012"]
[Source "ChessBase"]
[SourceDate "2011.11.24"]
[SourceVersion "1"]
[SourceVersionDate "2011.11.24"]
[SourceQuality "1"]

1. Nf3 e6 2. e3 b6 3. b3 Bb7 4. Bb2 Nf6 5. Be2 c5 6. c4 d6 7. d3 Be7 8. 0-0 Nbd7 9. Nbd2 0-0 10. h3 Re8 11. Re1 Qc7 12. Qc2 Rad8 13. Rad1 d5 14. cxd5 exd5 15. d4 Ne4 16. Ne5 Nxe5 17. dxe5 Qc6 18. Nxe4 dxe4 19. f3 f6 20. Rxd8 Bxd8 21. a4 fxe5 22. Bb5 Qe6 23. Bxe8 Qxe8 24. Qc4+ Kh8 25. fxe4 Qg6 26. Rf1 Bf6 27. Qe6 h6 28. Qf5 Qg3 29. Rf3 Qe1+ 30. Kh2 Qb1 31. Bxe5 Bxe4 32. Qc8+ Kh7 33. Rxf6 gxf6 34. Qd7+ Kg6 35. Qg4+ Kf7 36. Qd7+ Kg6 37. Qg4+ Kf7 38. Qd7+ Kg6 1/2-1/2

[Event "Dortmund Sparkassen op-B"]
[Site "Dortmund"]
[Date "2008.07.05"]
[Round "8"]
[White "Benke, Werner"]
[Black "Keller, Martin"]
[Result "0-1"]
[WhiteElo "1578"]
[BlackElo "1641"]
[PlyCount "48"]
[EventDate "2008.06.30"]
[EventType "swiss"]
[EventRounds "9"]
[EventCountry "GER"]
[SourceTitle "EXT 2022"]
[Source "ChessBase"]
[SourceDate "2021.10.06"]
[SourceVersion "1"]
[SourceVersionDate "2021.10.06"]
[SourceQuality "1"]

1. e4 c5 2. Nf3 d6 3. d4 cxd4 4. Nxd4 Nf6 5. Bd3 Nc6 6. c3 g6 7. 0-0 Bg7 8. h3 0-0 9. Be3 Bd7 10. f4 a6 11. Nd2 Rc8 12. Qe2 e5 13. N4f3 Nh5 14. Kh2 exf4 15. Bf2 Ne5 16. Bc2 Bb5 17. c4 Nxc4 18. Bd3 Nxd2 19. Qxd2 Bxd3 20. Qxd3 Bxb2 21. Rad1 Be5 22. Qb3 Qe7 23. Bh4 Nf6 24. Rfe1 h6 0-1

[Event "Dortmund Sparkassen op-B"]
[Site "Dortmund"]
[Date "2008.07.03"]
[Round "6"]
[White "Benke, Werner"]
[Black "Hennrotte, Nils"]
[Result "1/2-1/2"]
[WhiteElo "1578"]
[BlackElo "1473"]
[PlyCount "123"]
[EventDate "2008.06.30"]
[EventType "swiss"]
[EventRounds "9"]
[EventCountry "GER"]
[SourceTitle "EXT 2022"]
[Source "ChessBase"]
[SourceDate "2021.10.06"]
[SourceVersion "1"]
[SourceVersionDate "2021.10.06"]
[SourceQuality "1"]

1. e4 e6 2. Nc3 d5 3. exd5 exd5 4. d4 Nc6 5. Bb5 Bb4 6. Bd2 Nge7 7. Nf3 0-0 8. Bxc6 Nxc6 9. 0-0 Bg4 10. Be3 Qd7 11. Bf4 Bxf3 12. Qxf3 Ne7 13. Ne2 Ng6 14. Bg3 c6 15. Nf4 Nxf4 16. Qxf4 Rfe8 17. c3 Bf8 18. Rfe1 a6 19. h3 Re7 20. Rxe7 Bxe7 21. Re1 Kf8 22. Qe5 Bf6 23. Qh5 h6 24. Be5 Re8 25. f4 Bd8 26. Kf2 Bb6 27. f5 Bd8 28. Re3 Bg5 29. Rf3 Qe7 30. Kg1 Bf6 31. Re3 Qd8 32. Qe2 Bg5 33. Bd6+ Be7 34. Be5 Kg8 35. Bf4 c5 36. Kh1 cxd4 37. cxd4 Kf8 38. a3 Qd7 39. g4 Rc8 40. Be5 Bg5 41. Rc3 Rxc3 42. bxc3 b5 43. Qb2 Qc8 44. Bd6+ Kg8 45. Qb3 Qc4 46. Qxc4 bxc4 47. Bb4 g6 48. fxg6 fxg6 49. Kg2 Kf7 50. Kf3 Ke6 51. Ba5 Bc1 52. a4 Kd7 53. Ke2 Kc6 54. Kd1 Bf4 55. Ke2 Bc7 56. Bb4 Bd8 57. Kf3 Kb6 58. Kf4 Bc7+ 59. Ke3 Bd8 60. Kf4 Bc7+ 61. Ke3 Bd8 62. h4 1/2-1/2

[Event "Dortmund Sparkassen op-B"]
[Site "Dortmund"]
[Date "2008.07.01"]
[Round "2"]
[White "Benke, Werner"]
[Black "Tran, Duc Cuong"]
[Result "0-1"]
[WhiteElo "1578"]
[BlackElo "1765"]
[PlyCount "120"]
[EventDate "2008.06.30"]
[EventType "swiss"]
[EventRounds "9"]
[EventCountry "GER"]
[SourceTitle "EXT 2022"]
[Source "ChessBase"]
[SourceDate "2021.10.06"]
[SourceVersion "1"]
[SourceVersionDate "2021.10.06"]
[SourceQuality "1"]

1. Nc3 d5 2. d4 Nf6 3. Nf3 e6 4. Bg5 Nbd7 5. e4 dxe4 6. Nxe4 Be7 7. Bd3 Nxe4 8. Bxe7 Qxe7 9. Bxe4 Nf6 10. Bd3 Qb4+ 11. Qd2 Qxb2 12. 0-0 0-0 13. a4 Qb6 14. Ne5 Qd6 15. Nc4 Qe7 16. Qg5 Rd8 17. Qh4 Qd7 18. Rad1 h6 19. Qf4 b6 20. c3 Bb7 21. f3 Rac8 22. Bc2 Qd5 23. Ne3 Qc6 24. Rc1 Kf8 25. Bd3 Qxa4 26. c4 Ba8 27. Ra1 Qd7 28. Rfd1 a5 29. Nc2 Qd6 30. Qxd6+ Rxd6 31. h3 Rcd8 32. Be2 Nh5 33. Kf2 Nf4 34. Bf1 Ng6 35. Re1 e5 36. dxe5 Rd2+ 37. Re2 Nxe5 38. Ke1 Rxe2+ 39. Bxe2 Ke7 40. Ne3 Ke6 41. Rc1 Nd3+ 42. Bxd3 Rxd3 43. Ke2 Rd4 44. Ng4 h5 45. Ke3 c5 46. Nf2 Rh4 47. Nd3 g5 48. Re1 Rxc4 49. Kf2+ Kf6 50. Re8 Bc6 51. Rb8 Rc3 52. Ke2 Rb3 53. Kd2 Bd5 54. Rd8 Be6 55. Nf2 Ke7 56. Rh8 h4 57. Rg8 a4 58. Rxg5 a3 59. Nd3 Rxd3+ 60. Kxd3 a2 0-1

[Event "Dortmund3"]
[Site "Dortmund"]
[Date "2006.05.31"]
[Round "10"]
[White "Benke, Werner"]
[Black "Mueller, Siegfried"]
[Result "0-1"]
[WhiteElo "1552"]
[BlackElo "1555"]
[PlyCount "62"]
[EventDate "2006.04.26"]
[EventType "tourn"]
[EventRounds "11"]
[EventCountry "GER"]
[SourceTitle "EXT 2007"]
[Source "ChessBase"]
[SourceDate "2006.11.23"]
[SourceVersion "1"]
[SourceVersionDate "2006.11.23"]
[SourceQuality "1"]

1. e4 c5 2. c3 d5 3. exd5 Qxd5 4. d4 Nf6 5. Nf3 Bg4 6. Be2 e6 7. 0-0 Nc6 8. Be3 cxd4 9. cxd4 Be7 10. Nc3 Qd7 11. h3 Bh5 12. Qd2 0-0 13. Rfd1 Rfd8 14. a3 a6 15. Rac1 Qe8 16. Qc2 Bg6 17. Bd3 Bxd3 18. Rxd3 Rac8 19. Qd2 Na5 20. Qe2 b5 21. Rcd1 Nc4 22. Bc1 Nb6 23. Ne5 Nc4 24. Nxc4 Rxc4 25. b3 Rc6 26. Rg3 Rdc8 27. Bd2 Bxa3 28. Ne4 Nxe4 29. Qxe4 g6 30. h4 Bd6 31. Rf3 Rc2 0-1